000 00488nam a2200157Ia 4500
008 180424s9999 xx 000 0 und d
040 _aPK-NaQUE
100 _a09ME94
100 _aArif Ali Rind
245 0 _aDevelopment of Gravity Assisted Resin Transfer Molding (GARTM)& Critical Analysis of Gartm With Vacuum Assisted Resin Transfer Molding (VARTM)
260 _aNawabshah
260 _bQUEST
260 _c2009
300 _a85
700 _aDepartment of Mechanical Engineering
999 _c58539
_d58536